Регионална библиотека "Любен Каравелов" - Русе

Основи на финансите на фирмата (Запис номер 90273)

MARC детайли
000 -Лидер
Контролно поле с фиксирана дължина 01726nam a2200385 c 4500
003 - Код на организацията, давaща контролен номер
Контролно поле BLK
005 - Дата и час на последна редакция
Контролно поле 20201030153023.0
008 - Елементи от данни с фиксирана дължина
fixed length control field 180408b bul|||||r ||||||| ||bul||
010 ## - Наследен системен номер
LC control number KNG00095012000
020 ## - Международен стандартен номер на книга ISBN
Международен стандартен номер на книга ISBN 954-9574-53-9
-- издат.: Тракия-М
040 ## - Източник на каталожния запис
Идентификатор на билиотеката - собственик на записа BLK
041 ## - Код за език
Код за езика на текст/звукозапис или на отделно заглавие Български
Код за езика КДБФ Български
080 ## - УДК
Текстов определител УДК Форми на предприятията в зависимост от отношението към собствеността...
УДК код - определител по УДК 334.72
УДК определител .003.2
УДК - код + определител 334.72.003.2
080 ## - УДК
Текстов определител УДК Финанси на стопанските организации (вкл. финансиране и управление на финансите). Финанси на стопанския сектор
УДК код - определител по УДК 336.6
УДК определител
УДК - код + определител 336.6
080 ## - УДК
Текстов определител УДК Финансиране. Увеличаване на капитала.
УДК код - определител по УДК 658.14
УДК определител
УДК - код + определител 658.14
100 1# - Редна дума - Автор
Автор Петров, Георги Атанасов
Авторска отговорност първи автор
R(LIN) 365811
139 ## - Редно поле
Редна дума Петров, Георги Атанасов
Авторски знак Петро - П 47
245 10 - Сведения за заглавието
Заглавие Основи на финансите на фирмата
Редно поле (дума) Георги Атанасов Петров.
250 ## - Област на изданието
Сведения за изданието 6. изд.
257 ## - Страна на издаване
Страна на създаване/издаване България
260 ## - Област на издателските данни
-- София
Име на издателя, разпространителя и проч. Тракия-М
Година на издаване 2000
300 ## - Физическа характеристика
Страници 228 с.
Размери/Мащаб 24 см
380 ## - Жанр
Жанр Обществени науки
500 ## - Общи забележки
Забележка 1. изд. 1995 на изд. Труд и право. - Офс. изд.
650 #4 - Допълнително описание по предмет – тема
Основно описание – тема или топоним Стопански предприятия - финанси
9 (RLIN) 262232
650 #4 - Допълнително описание по предмет – тема
Основно описание – тема или топоним Фирми - финанси
9 (RLIN) 244620
653 ## - Ключова дума – ненормативна
Ключова дума стопански предприятия
653 ## - Ключова дума – ненормативна
Ключова дума фирми
653 ## - Ключова дума – ненормативна
Ключова дума финанси
852 ## - Местоположение
Форматна сигнатура Цб 241070
856 4# - Електронен адрес и достъп
Електронен формат pdf - файл
Път до файла /url/
856 4# - Електронен адрес и достъп
Електронен формат pdf - файл
Път до файла /url/
942 ## - АРТИКУЛИ
Вид на библиотечния материал Книги
Скрит в OPAC Не
Koha issues (borrowed), all copies 1
944 ## - СЪЗДАВАНЕ И РЕДАКЦИЯ на ЗАПИСА
Създаване/Редакция Създаване
Дата на регистрацията/редакция 29.03.2010
Статус, дата на статуса ф /
Служител, извършил регистрацията/редакцията Людмила_Стоянова
944 ## - СЪЗДАВАНЕ И РЕДАКЦИЯ на ЗАПИСА
Създаване/Редакция Редакция
Дата на регистрацията/редакция 21.04.2010
Статус, дата на статуса ф /
Служител, извършил регистрацията/редакцията
999 ## - СИСТЕМНИ КОНТРОЛНИ НОМЕРА
Koha biblionumber 90273
Koha biblioitemnumber 90273
Наличности
Код за отписване Код за изгубен артикул Код за повреда Коз за рестрикции Код за отдаване Артикулен № Име на библиотеката - собственик Име на библиотеката, в която се намира в момента Статус (Текущо местоположение) Дата на вписване в системата Местоположение - отдел Цена в лева Инвентарен номер Систематично азбучна сигнатура Баркод Номер на екземпляра Цена в евро Служебна бележка Служебен тип на артикула
  Не е изгубен Не е повреден без рестрикции заемане за дома 145908 Регионална библиотека "Любен Каравелов" Русе Регионална библиотека "Любен Каравелов" Русе Заемна - подръчен фонд 2010-03-29 Заемна - подръчен фонд 14.30 120000742926 П 334.7/П 47 120000742926 1 7.31 Дост: DA Вид: А N: 10 Дата: 29.03.2010 Дата инв: 26.02.2018 Бележки инв: П2018 Книги
Vip Innovations Ltd, Rousse, Bulgaria 2025